000 00344nam a22001217a 4500
008 211123b |||||||| |||| 00| 0 eng d
020 _a9789993628897
245 _aNational Accounts Statistics
260 _aThimphu :
_bNational Statistics Bureau,
_c2021.
300 _ax, 62 p.
_c22 cm.
650 _aNational Accounts Statistics
942 _2ddc
999 _c8911
_d8912